<?xml version="1.0" encoding="UTF-8"?>
<record
    xmlns:xsi="http://www.w3.org/2001/XMLSchema-instance"
    xsi:schemaLocation="http://www.loc.gov/MARC21/slim http://www.loc.gov/standards/marcxml/schema/MARC21slim.xsd"
    xmlns="http://www.loc.gov/MARC21/slim">

  <leader>01052nam a22002537a 4500</leader>
  <controlfield tag="005">20250612111546.0</controlfield>
  <datafield tag="010" ind1=" " ind2=" ">
    <subfield code="a">ENG-118410   B-663883 ENG-145330</subfield>
  </datafield>
  <datafield tag="020" ind1=" " ind2=" ">
    <subfield code="a">9788178244686</subfield>
    <subfield code="c">895.00</subfield>
  </datafield>
  <datafield tag="035" ind1=" " ind2=" ">
    <subfield code="a">B-647735-740</subfield>
  </datafield>
  <datafield tag="035" ind1=" " ind2=" ">
    <subfield code="a">EN-101942</subfield>
  </datafield>
  <datafield tag="035" ind1=" " ind2=" ">
    <subfield code="a">EN-128862</subfield>
  </datafield>
  <datafield tag="035" ind1=" " ind2=" ">
    <subfield code="a">B-663883</subfield>
  </datafield>
  <datafield tag="037" ind1=" " ind2=" ">
    <subfield code="a">DPL</subfield>
    <subfield code="b">B.W.</subfield>
  </datafield>
  <datafield tag="037" ind1=" " ind2=" ">
    <subfield code="b">DBAD/PUB</subfield>
  </datafield>
  <datafield tag="082" ind1=" " ind2=" ">
    <subfield code="a">891.4312</subfield>
  </datafield>
  <datafield tag="100" ind1=" " ind2=" ">
    <subfield code="a">Hess, Linda</subfield>
    <subfield code="9">81915</subfield>
  </datafield>
  <datafield tag="245" ind1=" " ind2=" ">
    <subfield code="a">Bodies of song :</subfield>
    <subfield code="c"> by Linda Hess</subfield>
    <subfield code="b">Kabir oral traditions and preformative worlds in north India /</subfield>
  </datafield>
  <datafield tag="260" ind1=" " ind2=" ">
    <subfield code="a">Ranikhet</subfield>
    <subfield code="b">Permanent Black</subfield>
    <subfield code="c">2015</subfield>
  </datafield>
  <datafield tag="270" ind1=" " ind2=" ">
    <subfield code="a">'Himalayana',Mall Road,Ranikhet Cantt,              </subfield>
    <subfield code="b">Ranykhet</subfield>
    <subfield code="e">263645</subfield>
  </datafield>
  <datafield tag="300" ind1=" " ind2=" ">
    <subfield code="a">467p.</subfield>
    <subfield code="b">23cm.(HB)</subfield>
  </datafield>
  <datafield tag="942" ind1=" " ind2=" ">
    <subfield code="2">ddc</subfield>
    <subfield code="c">EN</subfield>
    <subfield code="m">HES</subfield>
    <subfield code="h">891.4312</subfield>
  </datafield>
  <datafield tag="999" ind1=" " ind2=" ">
    <subfield code="c">102260</subfield>
    <subfield code="d">102260</subfield>
  </datafield>
  <datafield tag="952" ind1=" " ind2=" ">
    <subfield code="0">0</subfield>
    <subfield code="1">0</subfield>
    <subfield code="4">0</subfield>
    <subfield code="7">0</subfield>
    <subfield code="8">NFIC</subfield>
    <subfield code="a">L</subfield>
    <subfield code="b">L</subfield>
    <subfield code="d">2017-03-08</subfield>
    <subfield code="e">BPPD/EN/2016-17/287/24.11.2016/0716/7.12.2016/2.1.2017</subfield>
    <subfield code="g">895.00</subfield>
    <subfield code="l">2</subfield>
    <subfield code="m">1</subfield>
    <subfield code="o">891.4312 HES</subfield>
    <subfield code="p">B-647735</subfield>
    <subfield code="r">2024-09-23 00:00:00</subfield>
    <subfield code="s">2024-08-29</subfield>
    <subfield code="t">1</subfield>
    <subfield code="v">895.00</subfield>
    <subfield code="w">2017-03-08</subfield>
    <subfield code="y">EN</subfield>
  </datafield>
  <datafield tag="952" ind1=" " ind2=" ">
    <subfield code="0">0</subfield>
    <subfield code="1">0</subfield>
    <subfield code="4">0</subfield>
    <subfield code="7">0</subfield>
    <subfield code="8">NFIC</subfield>
    <subfield code="a">BL1</subfield>
    <subfield code="b">BL1</subfield>
    <subfield code="d">2017-03-08</subfield>
    <subfield code="e">BPPD/EN/2016-17/287/24.11.2016/0716/7.12.2016/2.1.2017</subfield>
    <subfield code="g">895.00</subfield>
    <subfield code="l">0</subfield>
    <subfield code="o">891.4312 HES</subfield>
    <subfield code="p">B-647736</subfield>
    <subfield code="r">2017-03-08 00:00:00</subfield>
    <subfield code="t">1</subfield>
    <subfield code="v">895.00</subfield>
    <subfield code="y">EN</subfield>
  </datafield>
  <datafield tag="952" ind1=" " ind2=" ">
    <subfield code="0">0</subfield>
    <subfield code="1">0</subfield>
    <subfield code="4">0</subfield>
    <subfield code="7">0</subfield>
    <subfield code="8">NFIC</subfield>
    <subfield code="a">KGM</subfield>
    <subfield code="b">KGM</subfield>
    <subfield code="d">2017-03-08</subfield>
    <subfield code="e">BPPD/EN/2016-17/287/24.11.2016/0716/7.12.2016/2.1.2017</subfield>
    <subfield code="g">895.00</subfield>
    <subfield code="l">0</subfield>
    <subfield code="o">891.4312 HES</subfield>
    <subfield code="p">B-647737</subfield>
    <subfield code="r">2017-03-08 00:00:00</subfield>
    <subfield code="t">1</subfield>
    <subfield code="v">895.00</subfield>
    <subfield code="y">EN</subfield>
  </datafield>
  <datafield tag="952" ind1=" " ind2=" ">
    <subfield code="0">0</subfield>
    <subfield code="1">0</subfield>
    <subfield code="4">0</subfield>
    <subfield code="7">0</subfield>
    <subfield code="8">NFIC</subfield>
    <subfield code="a">JP</subfield>
    <subfield code="b">JP</subfield>
    <subfield code="d">2017-03-08</subfield>
    <subfield code="e">BPPD/EN/2016-17/287/24.11.2016/0716/7.12.2016/2.1.2017</subfield>
    <subfield code="g">895.00</subfield>
    <subfield code="l">2</subfield>
    <subfield code="o">891.4312 HES</subfield>
    <subfield code="p">B-647738</subfield>
    <subfield code="r">2017-10-11 00:00:00</subfield>
    <subfield code="s">2017-09-27</subfield>
    <subfield code="t">1</subfield>
    <subfield code="v">895.00</subfield>
    <subfield code="y">EN</subfield>
  </datafield>
  <datafield tag="952" ind1=" " ind2=" ">
    <subfield code="0">0</subfield>
    <subfield code="1">0</subfield>
    <subfield code="4">0</subfield>
    <subfield code="7">0</subfield>
    <subfield code="8">NFIC</subfield>
    <subfield code="a">BL3</subfield>
    <subfield code="b">BL3</subfield>
    <subfield code="d">2017-03-08</subfield>
    <subfield code="e">BPPD/EN/2016-17/287/24.11.2016/0716/7.12.2016/2.1.2017</subfield>
    <subfield code="g">895.00</subfield>
    <subfield code="l">0</subfield>
    <subfield code="o">891.4312 HES</subfield>
    <subfield code="p">B-647739</subfield>
    <subfield code="r">2017-03-08 00:00:00</subfield>
    <subfield code="t">1</subfield>
    <subfield code="v">895.00</subfield>
    <subfield code="y">EN</subfield>
  </datafield>
  <datafield tag="952" ind1=" " ind2=" ">
    <subfield code="0">0</subfield>
    <subfield code="1">0</subfield>
    <subfield code="4">0</subfield>
    <subfield code="7">0</subfield>
    <subfield code="8">NFIC</subfield>
    <subfield code="a">BL4</subfield>
    <subfield code="b">BL4</subfield>
    <subfield code="d">2017-03-08</subfield>
    <subfield code="e">BPPD/EN/2016-17/287/24.11.2016/0716/7.12.2016/2.1.2017</subfield>
    <subfield code="g">895.00</subfield>
    <subfield code="l">4</subfield>
    <subfield code="m">1</subfield>
    <subfield code="o">891.4312 HES</subfield>
    <subfield code="p">B-647740</subfield>
    <subfield code="r">2023-06-15 00:00:00</subfield>
    <subfield code="s">2023-06-02</subfield>
    <subfield code="t">1</subfield>
    <subfield code="v">895.00</subfield>
    <subfield code="y">EN</subfield>
  </datafield>
  <datafield tag="952" ind1=" " ind2=" ">
    <subfield code="0">0</subfield>
    <subfield code="1">0</subfield>
    <subfield code="4">0</subfield>
    <subfield code="7">1</subfield>
    <subfield code="8">NFIC</subfield>
    <subfield code="a">DBAD</subfield>
    <subfield code="b">BN</subfield>
    <subfield code="d">2017-05-25</subfield>
    <subfield code="e">DBAD/PUB</subfield>
    <subfield code="g">895.00</subfield>
    <subfield code="l">0</subfield>
    <subfield code="o">891.4312 HES</subfield>
    <subfield code="p">EN-101942</subfield>
    <subfield code="r">2017-05-25 00:00:00</subfield>
    <subfield code="t">1</subfield>
    <subfield code="v">895.00</subfield>
    <subfield code="y">EN</subfield>
  </datafield>
  <datafield tag="952" ind1=" " ind2=" ">
    <subfield code="0">0</subfield>
    <subfield code="1">0</subfield>
    <subfield code="4">0</subfield>
    <subfield code="7">0</subfield>
    <subfield code="8">NFIC</subfield>
    <subfield code="a">AV</subfield>
    <subfield code="b">AV</subfield>
    <subfield code="d">2018-02-28</subfield>
    <subfield code="e"> Bookwell-BL 1028/25.2.17/443/15.2.17/1.3.17</subfield>
    <subfield code="g">895.00</subfield>
    <subfield code="l">0</subfield>
    <subfield code="o">891.4312 HES</subfield>
    <subfield code="p">B-663883</subfield>
    <subfield code="r">2018-02-28 00:00:00</subfield>
    <subfield code="t">1</subfield>
    <subfield code="v">895.00</subfield>
    <subfield code="w">2018-02-28</subfield>
    <subfield code="y">EN</subfield>
  </datafield>
  <datafield tag="952" ind1=" " ind2=" ">
    <subfield code="0">0</subfield>
    <subfield code="1">0</subfield>
    <subfield code="4">0</subfield>
    <subfield code="7">0</subfield>
    <subfield code="8">NFIC</subfield>
    <subfield code="a">RC3SP</subfield>
    <subfield code="b">RC3SP</subfield>
    <subfield code="d">2025-06-12</subfield>
    <subfield code="e">Delivery of Books Act Division</subfield>
    <subfield code="g">895.00</subfield>
    <subfield code="l">0</subfield>
    <subfield code="o">HES 891.4312</subfield>
    <subfield code="p">EN-128862</subfield>
    <subfield code="r">2025-06-12 00:00:00</subfield>
    <subfield code="t">1</subfield>
    <subfield code="v">895.00</subfield>
    <subfield code="w">2025-06-12</subfield>
    <subfield code="y">EN</subfield>
  </datafield>
</record>
